| 000 | 00883nac a22002657a 4500 | ||
|---|---|---|---|
| 001 | BR7903944 | ||
| 003 | BR-BrBNA | ||
| 005 | 20240105114441.0 | ||
| 008 | 230509b bl.|||m| |||| 00| 0 por d | ||
| 040 |
_aBR-BrBNA _bpor _cBiblioteca Nacional de Agricultura |
||
| 072 | _aF00 | ||
| 090 | _a1126 BR7903944 | ||
| 100 | 1 | _aReinhardt, D.H.R.C. | |
| 110 | 1 |
_aEmpresa de Pesquisa Agropecuaria da Bahia, Salvador (Brasil) _94095 |
|
| 245 | 1 | _aEthrel e carbureto de calcio na inducao floral do abacaxizeiro [Ananas comosus] | |
| 260 | 3 |
_aSalvador, BA (Brasil): _c1979. |
|
| 300 | _a5 p. | ||
| 490 |
_aComunicado Tecnico - Empresa de Pesquisa Agropecuaria da Bahia (Brazil) _vno. 11 _xISSN 0100-4816 |
||
| 650 | _aABACAXI | ||
| 650 | _aFLORACAO | ||
| 650 | _aCARBURETO DE CALCIO | ||
| 650 | _aINDUCAO | ||
| 909 |
_a202312 _bLúcia Elande _c55 _dLúcia Elande |
||
| 942 |
_2AGRIS _n0 _cMS |
||
| 999 |
_c269419 _d269419 |
||